Building a Missional Church: (Record no. 3324)
[ view plain ]
| 000 -LEADER | |
|---|---|
| fixed length control field | 00593nam a2200193Ia 4500 |
| 003 - CONTROL NUMBER IDENTIFIER | |
| control field | GBCCL |
| 005 - DATE AND TIME OF LATEST TRANSACTION | |
| control field | 20241126110452.0 |
| 008 - FIXED-LENGTH DATA ELEMENTS--GENERAL INFORMATION | |
| fixed length control field | 171124b xxu||||| |||| 00| 0 eng d |
| 020 ## - INTERNATIONAL STANDARD BOOK NUMBER | |
| International Standard Book Number | 9788173628740 |
| 040 ## - CATALOGING SOURCE | |
| Transcribing agency | gbc |
| 082 ## - DEWEY DECIMAL CLASSIFICATION NUMBER | |
| Classification number | 254.1 |
| Item number | PAW |
| 100 ## - MAIN ENTRY--PERSONAL NAME | |
| Personal name | Pawar, Indrajeet |
| 9 (RLIN) | 6819 |
| 245 ## - TITLE STATEMENT | |
| Title | Building a Missional Church: |
| Remainder of title | Experience Progress through Ministerial Partnership / |
| Statement of responsibility, etc. | Indrajeet Pawar |
| 260 ## - PUBLICATION, DISTRIBUTION, ETC. | |
| Name of publisher, distributor, etc. | Authentic Books, |
| Place of publication, distribution, etc. | Hyderabad: |
| Date of publication, distribution, etc. | 2008 |
| 300 ## - PHYSICAL DESCRIPTION | |
| Extent | 143p.; |
| Dimensions | 20 cm. |
| 650 ## - SUBJECT ADDED ENTRY--TOPICAL TERM | |
| Topical term or geographic name entry element | Parish Administration |
| 9 (RLIN) | 6737 |
| 650 ## - SUBJECT ADDED ENTRY--TOPICAL TERM | |
| Topical term or geographic name entry element | Church Planting |
| 9 (RLIN) | 6679 |
| 942 ## - ADDED ENTRY ELEMENTS (KOHA) | |
| Edition | 1ST INDIAN ED |
| Source of classification or shelving scheme | Dewey Decimal Classification |
| Koha item type | Books |
| Koha issues (borrowed), all copies | 12 |
| Withdrawn status | Lost status | Source of classification or shelving scheme | Damaged status | Not for loan | Home library | Current Library | Shelving location | Date acquired | Total checkouts | Full call number | Barcode | Date last seen | Date last checked out | Copy number | Price effective from | Koha item type |
|---|---|---|---|---|---|---|---|---|---|---|---|---|---|---|---|---|
| Dewey Decimal Classification | GRACE BIBLE COLLEGE | GRACE BIBLE COLLEGE | Ministry & Mission | 2017-11-24 | 13 | 254.1 PAW | 010423 | 2025-05-01 | 2025-02-05 | c.1 | 2017-11-24 | Books |